Language Quiz

Random Language or State Quiz

US States from Greek to English Quiz Stats

 Plays Quiz Updated Nov 26, 2014

Challenge
Share
Tweet
Embed
Score 0/50 Timer 08:00
1 Play Today
Greek name English name % Correct
Νέας ΥόρκηςNew York
83.3%
Νέου ΜεξικούNew Mexico
82.4%
ΤέξαςTexas
79.5%
ΜοντάναMontana
77.5%
ΟχάιοOhio
77%
Βόρειας ΝτακόταNorth Dakota
76.6%
Νότιας ΝτακόταSouth Dakota
75.7%
ΜινεσόταMinnesota
74.9%
ΜέινMaine
74.7%
ΑλάσκαAlaska
74.6%
Νότιας ΚαρολίναSouth Carolina
74.1%
ΟκλαχόμαOklahoma
73.7%
Βόρειας ΚαρολίναNorth Carolina
73.3%
ΜιζούριMissouri
71.2%
Νιου ΤζέρσεϊNew Jersey
70.7%
ΙντιάναIndiana
69.6%
ΑριζόναArizona
68.9%
ΝεβάδαNevada
68.6%
ΚεντάκιKentucky
68.2%
ΙλινόιIllinois
66.9%
Νιου ΧάμσαϊρNew Hampshire
66.7%
ΚάνσαςKansas
65.8%
ΑλαμπάμαAlabama
64.9%
ΜασαχουσέτηςMassachusetts
64.2%
ΑρκάνσαςArkansas
63.8%
Greek name English name % Correct
ΚονέκτικατConnecticut
63.3%
ΟρεγκονOregon
62.8%
ΚαλιφόρνιαCalifornia
60.5%
ΤενεσίTennessee
59%
ΝεμπράσκαNebraska
58.3%
ΜισισίπιMississippi
57.7%
ΚολοράντοColorado
55.9%
ΜίσιγκανMichigan
51.8%
Δυτικής ΒιρτζίνιαWest Virginia
50.5%
Ρόουντ ΑιλαντRhode Island
50%
ΒιρτζίνιαVirginia
47%
ΜέριλαντMaryland
46.6%
ПενσυλβάνιαPennsylvania
45.2%
ΑϊόβαIowa
43.8%
ΒερμόντVermont
43.3%
ΛουιζιάναLouisiana
42.9%
ΓεωργίαGeorgia
42.5%
ΦλόρινταFlorida
41.7%
ΟυάσινγκτονWashington
36.1%
ΟυισκόνσινWisconsin
33.4%
ΧαβάηςHawaii
32.4%
ΓιούταUtah
29%
ΑϊντάχοIdaho
28.6%
ΟυαϊόμινγκWyoming
28.6%
ΝτελαγουέρDelaware
23.5%

You're not logged in!

Compare scores with friends on all Sporcle quizzes.
Join for Free
OR
Log In

You Might Also Like...

Show Comments

Extras

Top Quizzes Today


Score Distribution

Your Account Isn't Verified!

In order to create a playlist on Sporcle, you need to verify the email address you used during registration. Go to your Sporcle Settings to finish the process.

Report this User

Report this user for behavior that violates our Community Guidelines.

Details: